000 00329nam a2200109 4500
008 180212b xxu||||| |||| 00| 0 eng d
245 _aDepEd bucks lowering of minimum age of criminal responsibility.
260 _aPhilippines:
_bThe Philippine Star,
_cc2017.
300 _apage 10.
650 0 _926369
_aCriminals.
942 _2ddc
_cPER
999 _c8566
_d8566